03124nam a2200397 a 450000100100000000500170001000800410002702000250006802000250009302000240011802000210014202000240016302000240018702000240021104000250023508200150026024501910027526000640046630000390053050001360056950000250070550400190073050502260074950501650097550511710114070000340231170000270234570000320237270000350240470000540243970000330249370000360252670000340256295201130259699900170270900004560720201002052337.0150211s20uu dr abc 000 0 spa d z9789945444026 (v. 1) z9789945400975 (v. 2) a9789945400533 (v.3) a9945400983 (v.4) z978994540055X (v.5) z9789945400568 (v.6) z9789945400576 (v.7) aDO-SdBNPbspacBNPHU axxxxbxxxx00aArtística / :beducación básica /cLuisa A. Mateo Dicló... [et al.]. ; producción editorial María del Jesús de la Rosa ; ilustraciones Orlando Martínez, Ramón Sandoval. aSanto Domingo :bActualidad Escolar 2000,c[20uu]fSerigraf av. :bil., mapas, retrs. ;c22 cm. aLa biblioteca solamente posee de los volumenes 1, 2, 3, 4 y 7 el libro del maestro y de los volumenes 5 y 6 de los libros de texto. aEducación básica aBibliografía0 av. 1 :tConoce la educación artística --tMe conozco --tLa exploración --tLa observación --tLa expresión artística --tLas artes y sus formas --tLas artes y la cultura --tValorando la historia nacional --0 av. 2 :tLa educación artística --tMe conozco --tLa exploración --tLa expresión artística --tLas artes y sus formas --tArte, cultura e historia --0 av .3 :tLa educación artística --tMe conozco --tLa exploración y la observación --tLa expresión artística --tLas artes y sus formas --tJugando a la cultura --tValorando la historia nacional /rLuisa A. Mateo Dicló --rCovadonga González --gv. 4 :tLa educación artística --tMe conozco --tLa exploración y la observación --tLa expresión artística --tLas artes y sus formas --tEl arte y la cultura --tValorando la historia nacional /rLuisa A. Mateo Dicló --rMercedes Hernández de Pérez --gv. 5 :tLa educación artística --tMe conozco --tLa exploración y observación --tLa expressión artística --tEl arte y sus formas --tEl arte, la cultura y la historia /rOmar Gil Bueno --rLuisa A. Mateo Dicló --gv. 6 :tLa educación artística --tLa exploración y observación --tEl arte y sus formas --tLas artes y la cultura /rAlba Peña Echezuria --rLuisa A. Mateo Dicló --gv. 7 :tLa educación artística --tLa exploración y la observación --tExpresión y creación artística --tEl arte y sus formas --tEl arte y la cultura /rMarianella Azócar --rLuisa A. Mateo Dicló --1 aPeña Echezuria, Alba9736741 aGil Bueno, Omar9732461 aAzócar, Marianella9732471 aMateo Dicló, Luisa A.9732441 aDel Jesús de la Rosa, Maríaeprod. ed.9736751 aGonzález, Covadonga9736761 aMartínez, Orlandoeil.9736771 aSandoval, Ramóneil.910955 0010718PDaPDbPDcHDd2015-04-16iLF1l0oxxxx xxxxp45607-10r2020-06-25w2020-06-25yLFPDZNo se presta c45096d45096